History Quiz

Random History or War Quiz

German Army Ranks (Second World War) Quiz Stats

 Plays Quiz not verified by Sporcle

Support Sporcle.
Go Orange.
Score 0/20 Timer 01:30
0 Plays Today
% Correct
Field Marshal
86.3%
Captain
72.2%
Lieutenant
70.2%
Lieutenant-Colonel
68.6%
Private 1st Class
68.2%
Colonel
67.5%
Major
67.1%
Lance-Corporal
63.9%
2nd Lieutenant
62.7%
Staff Lance-Corporal
62%
% Correct
Lieutenant-General
60%
Sergeant
56.9%
Senior Lance-Corporal
56.1%
Major-General
52.2%
Captain-General
52.2%
Sergeant Major
51.4%
Senior Sergeant
50.6%
General (Branch of Service)
49%
Staff Sergeant
43.9%
Corporal
38.8%

You're not logged in!

Compare scores with friends on all Sporcle quizzes.
OR
Log In

From the Vault

Remove Ads.
Support Sporcle.
Get the best of Sporcle when you Go Orange. This ad-free experience offers more features, more stats, and more fun while also helping to support Sporcle. Thank you for becoming a member.

Show Comments

Extras

Top Quizzes Today


Score Distribution

Your Account Isn't Verified!

In order to create a playlist on Sporcle, you need to verify the email address you used during registration. Go to your Sporcle Settings to finish the process.

Report this User

Report this user for behavior that violates our Community Guidelines.

Details: